Metaphysik und Erkenntnis bei Aristoteles /
Saved in:
| Main Author: | |
|---|---|
| Format: | Book |
| Language: | German |
| Published: |
Tübingen :
Verlag von J. C. B. Mohr (Paul Siebeck),
1926.
|
| Series: | Philosophie und Geschichte
9 |
| Physical Description: |
47 strán. |
| Tags: |
Add Tag
No Tags, Be the first to tag this record!
|
Titul je dostupný aj v ... 

MARC
| LEADER | 00000nam a22000002i 4500 | ||
|---|---|---|---|
| 001 | 000658564 | ||
| 005 | 20210226092409.0 | ||
| 008 | 210226s1926 gw e 000 0 ger d | ||
| 020 | |q (viazané) | ||
| 040 | |a SVKKK |b slo |c SVKKK |e rda | ||
| 100 | 1 | |a Schulze-Soelde, Walther, |d 1888-1984 |4 aut | |
| 245 | 1 | 0 | |a Metaphysik und Erkenntnis bei Aristoteles / |c Walther Schulze-Soelde. |
| 264 | 1 | |a Tübingen : |b Verlag von J. C. B. Mohr (Paul Siebeck), |c 1926. | |
| 300 | |a 47 strán. | ||
| 336 | |a text |b txt |2 rdacontent | ||
| 337 | |a bez média |b n |2 rdamedia | ||
| 338 | |a zväzok |b nc |2 rdacarrier | ||
| 490 | 1 | |a Philosophie und Geschichte |v 9 | |
| 500 | |a Záznam revízie | ||
| 830 | 0 | |a Philosophie und Geschichte |v 9 | |
| 910 | |a svkkk | ||
| 998 | |a BK | ||
| 090 | |g SCKHL |k Sklad Pribinova 2. posch. |a III.98352 |j 418776 |i 2720427620 |s Prezenčne | ||